<?xml version="1.0" encoding="UTF-8"?><?xml-stylesheet type="text/xsl" href="static/style.xsl"?><OAI-PMH xmlns="http://www.openarchives.org/OAI/2.0/" xmlns:xsi="http://www.w3.org/2001/XMLSchema-instance" xsi:schemaLocation="http://www.openarchives.org/OAI/2.0/ http://www.openarchives.org/OAI/2.0/OAI-PMH.xsd"><responseDate>2026-04-29T02:37:42Z</responseDate><request verb="GetRecord" identifier="oai:repisalud.isciii.es:20.500.12105/23390" metadataPrefix="marc">https://repisalud.isciii.es/rest/oai/request</request><GetRecord><record><header><identifier>oai:repisalud.isciii.es:20.500.12105/23390</identifier><datestamp>2024-11-29T06:01:18Z</datestamp><setSpec>com_20.500.12105_15322</setSpec><setSpec>com_20.500.12105_2051</setSpec><setSpec>col_20.500.12105_16967</setSpec><setSpec>col_20.500.12105_16983</setSpec></header><metadata><record xmlns="http://www.loc.gov/MARC21/slim" xmlns:dcterms="http://purl.org/dc/terms/" xmlns:doc="http://www.lyncode.com/xoai" xmlns:xsi="http://www.w3.org/2001/XMLSchema-instance" xsi:schemaLocation="http://www.loc.gov/MARC21/slim http://www.loc.gov/standards/marcxml/schema/MARC21slim.xsd">
   <leader>00925njm 22002777a 4500</leader>
   <datafield ind2=" " ind1=" " tag="042">
      <subfield code="a">dc</subfield>
   </datafield>
   <datafield ind2=" " ind1=" " tag="720">
      <subfield code="a">Puig-Collderram, Berta</subfield>
      <subfield code="e">author</subfield>
   </datafield>
   <datafield ind2=" " ind1=" " tag="720">
      <subfield code="a">Domene-Ochoa, Sandra</subfield>
      <subfield code="e">author</subfield>
   </datafield>
   <datafield ind2=" " ind1=" " tag="720">
      <subfield code="a">Salvà-Comas, Maria</subfield>
      <subfield code="e">author</subfield>
   </datafield>
   <datafield ind2=" " ind1=" " tag="720">
      <subfield code="a">Montero, Maria Milagro</subfield>
      <subfield code="e">author</subfield>
   </datafield>
   <datafield ind2=" " ind1=" " tag="720">
      <subfield code="a">Duran, Xavier</subfield>
      <subfield code="e">author</subfield>
   </datafield>
   <datafield ind2=" " ind1=" " tag="720">
      <subfield code="a">González, Juan R</subfield>
      <subfield code="e">author</subfield>
   </datafield>
   <datafield ind2=" " ind1=" " tag="720">
      <subfield code="a">Grau, Santiago</subfield>
      <subfield code="e">author</subfield>
   </datafield>
   <datafield ind2=" " ind1=" " tag="720">
      <subfield code="a">Oliver, Antonio</subfield>
      <subfield code="e">author</subfield>
   </datafield>
   <datafield ind2=" " ind1=" " tag="720">
      <subfield code="a">Horcajada, Juan P</subfield>
      <subfield code="e">author</subfield>
   </datafield>
   <datafield ind2=" " ind1=" " tag="720">
      <subfield code="a">Padilla, Eduardo</subfield>
      <subfield code="e">author</subfield>
   </datafield>
   <datafield ind2=" " ind1=" " tag="720">
      <subfield code="a">Segura, Concepción</subfield>
      <subfield code="e">author</subfield>
   </datafield>
   <datafield ind2=" " ind1=" " tag="720">
      <subfield code="a">Prim, Núria</subfield>
      <subfield code="e">author</subfield>
   </datafield>
   <datafield ind2=" " ind1=" " tag="260">
      <subfield code="c">2022-08-31</subfield>
   </datafield>
   <datafield ind2=" " ind1=" " tag="520">
      <subfield code="a">Time-kill curves are used to study antibiotic combinations, but the colony count method to obtain the results is time-consuming. The aim of the study was to validate an ATP assay as an alternative to the conventional colony count method in studies of antibiotic combinations. The cutoff point for synergy and bactericidal effect to categorize the results using this alternative method were determined in Pseudomonas aeruginosa. The ATP assay was performed using the GloMax 96 microplate luminometer (Promega), which measures bioluminescence in relative light units (RLU). To standardize this assay, background, linearity, and the detection limit were determined with one strain each of multidrug-resistant P. aeruginosa and Klebsiella pneumoniae. Twenty-four-hour time-kill curves were performed in parallel by both methods with 12 strains of P. aeruginosa. The conventional method was used as a "gold" standard to establish the pharmacodynamic cutoff points in the ATP method. Normal saline solution was established as washing/dilution medium. RLU signal correlated with CFU when the assay was performed within the linear range. The categorization of the pharmacodynamic parameters using the ATP assay was equivalent to that of the colony count method. The bactericidal effect and synergy cutoff points were 1.348 (93% sensitivity, 81% specificity) and 1.065 (95% sensitivity, 89% specificity) log RLU/mL, respectively. The ATP assay was useful to determine the effectiveness of antibiotic combinations in time-kill curves. This method, less laborious and faster than the colony count method, could be implemented in the clinical laboratory workflow. IMPORTANCE: Combining antibiotics is one of the few strategies available to overcome infections caused by multidrug-resistant bacteria. Time-kill curves are usually performed to evaluate antibiotic combinations, but obtaining results is too laborious to be routinely performed in a clinical laboratory. Our results support the utility of an ATP measurement assay using bioluminescence to determine the effectiveness of antibiotic combinations in time-kill curves. This method may be implemented in the clinical laboratory workflow as it is less laborious and faster than the conventional colony count method. Shortening the obtention of results to 24 h would also allow an earlier guided combined antibiotic treatment.</subfield>
   </datafield>
   <datafield ind1="8" ind2=" " tag="024">
      <subfield code="a">Puig-Collderram B, Domene-Ochoa S, Salvà-Comas M, Montero MM, Duran X, González JR, et al. ATP Bioluminescence Assay To Evaluate Antibiotic Combinations against Extensively Drug-Resistant (XDR) Pseudomonas aeruginosa. Papp-Wallace KM, editor. Microbiol Spectr. 2022 Jul 25</subfield>
   </datafield>
   <datafield ind1="8" ind2=" " tag="024">
      <subfield code="a">http://hdl.handle.net/20.500.13003/18598</subfield>
   </datafield>
   <datafield ind1="8" ind2=" " tag="024">
      <subfield code="a">https://hdl.handle.net/20.500.12105/23390</subfield>
   </datafield>
   <datafield ind1="8" ind2=" " tag="024">
      <subfield code="a">35876574</subfield>
   </datafield>
   <datafield ind1="8" ind2=" " tag="024">
      <subfield code="a">10.1128/spectrum.00651-22</subfield>
   </datafield>
   <datafield ind1="8" ind2=" " tag="024">
      <subfield code="a">2165-0497</subfield>
   </datafield>
   <datafield ind1="8" ind2=" " tag="024">
      <subfield code="a">Microbiology spectrum</subfield>
   </datafield>
   <datafield ind1="8" ind2=" " tag="024">
      <subfield code="a">2-s2.0-85137137928</subfield>
   </datafield>
   <datafield ind1="8" ind2=" " tag="024">
      <subfield code="a">830550700002</subfield>
   </datafield>
   <datafield ind1="8" ind2=" " tag="024">
      <subfield code="a">L2020047207</subfield>
   </datafield>
   <datafield ind2="0" ind1="0" tag="245">
      <subfield code="a">ATP Bioluminescence Assay To Evaluate Antibiotic Combinations against Extensively Drug-Resistant (XDR) Pseudomonas aeruginosa</subfield>
   </datafield>
</record></metadata></record></GetRecord></OAI-PMH>